000 00662nam a2200205Ia 4500
001 15222
003 GE_BSU
008 181216s||||||||xx |||||||||||||| ||und||
040 _cGE_BSU
080 _a821.353.1-32
100 _aშატბერაშვილი,გიორგი
245 _aმოთხრობები
245 _cრედ.ალ.გომიაშვილი. მხატვ.ო.ჯიშკარიანი
260 _aთბილისი
260 _bსაბჭოთა საქართველო
260 _c1967
300 _a525გვ.21სმ.
653 _aმოთხრობები
942 _cBK
999 _c48334
_d48334